|
|
|
|
| LEADER |
00000ny a22000003n 4500 |
| 005 |
20110527144218.0 |
| 008 |
030411s2003 sp fs 000 0 spa c |
| 017 |
|
|
|a D.L. SE 238-2003
|
| 020 |
|
|
|a 8497720261
|
| 035 |
|
|
|a 278
|
| 040 |
|
|
|a SpMaUCDE
|d vLex
|
| 040 |
|
|
|a UMA.RE ̇
|d vLex
|
| 080 |
|
|
|a 342.733
|
| 090 |
|
|
|c 335
|d 335
|
| 100 |
1 |
|
|a Martn̕ez de Pisn̤, Još
|
| 245 |
1 |
3 |
|a El derecho a la educacin̤ y la libertad de enseąnza
|h [Recurso electrn̤ico]
|c Mario Ruz̕ Sanz
|
| 256 |
|
|
|a Servicio en ln̕ea
|
| 260 |
|
|
|a Madrid :
|b Dykinson :
|b Universidad Carlos III de Madrid :
|b Instituto de Derechos Humanos Bartolom ̌de las Casas ,
|c 2003
|
| 300 |
|
|
|a 160 p. ;
|c 21 cm
|
| 506 |
1 |
|
|a Contenido solo disponible en los productos indicados
|d vLex Global
|d vLex Global (Academic Edition, excluding Law Schools)
|d vLex Global (U.S. Academic Edition, Law Schools)
|d vLex Global (U.S. Academic Edition, excluding Law Schools)
|d vLex Global (Academic Edition, Law Schools)
|
| 650 |
0 |
7 |
|a Derecho a la educacin̤
|2 Tesauro vLex
|
| 650 |
0 |
7 |
|a Libertad de enseąnza
|2 Tesauro vLex
|
| 710 |
2 |
|
|a Instituto de Derechos Humanos Bartolom ̌de las Casas (Madrid)
|
| 710 |
2 |
|
|a Universidad Carlos III de Madrid
|
| 740 |
0 |
|
|a vLex Libros (Servicios en ln̕ea)
|
| 856 |
4 |
0 |
|u http://vlex.com/source/278
|z Acceso restringido
|
| 942 |
|
|
|c BOOK
|
| 999 |
0 |
|
|a Right to education
|b Madrid
|